000 00425nam a2200181Ia 4500
001 24053
005 20260414151018.0
008 260414t2003||||xx |||||||||||||| ||spa||
041 _aESP
082 _a759.13
_bE51
100 _aEmmerling, Leonhard
_eAUT
245 0 _aJackson Pollock 1912-1956
_b
260 _c2003
300 _a96 páginas :
_c23 cm.
650 _aABD
654 _aCAU
942 _cLIB
_dJUS
_fJUS
_2ddc
_n
999 _c24053
_d24053